Шифртелеграмма И. В. Сталина и наркома обороны СССР К. Е. Ворошилова членам Политбюро ЦК ВКП(б) Л. М. Кагановичу и В. М. Молотов...

RUSMARC
00005142cbm0a2200265#x 450
0011479cd6c-15a5-49e7-8b1c-54f158950299
00520230314151507.0
100##$a20200427j19351013k###0rusy50 ca
1010#$arus
102##$aRU
1220#$ad19351013##
2001#$aШифртелеграмма И. В. Сталина и наркома обороны СССР К. Е. Ворошилова членам Политбюро ЦК ВКП(б) Л. М. Кагановичу и В. М. Молотову о направлении одного военного в Аддис-Абебу под видом специального корреспондента ТАСС
$j13 октября 1935 г.
251##$cДокумент
300##$aПодлинник
461#0$12001
$aФ. 558
$1251
$cФонд
$1852
$j558
462#0$12001
$aОп. 11
$1251
$cОпись
$1852
$j11
462#0$12001
$aД. 91
$vЛ. 65
$1251
$cДело
$1852
$j91
605##$aВторая мировая война в архивных документах (Комплекс оцифрованных архивных документов, кино- и фотоматериалов)
$lколлекция
$2acquisition_Prlib
$3LIBNET\UAF\0000088514
605##$aРоссия и страны Африки: из истории взаимоотношений
$lколлекция
$2acquisition_Prlib
$3LIBNET\UAF\0000106523
617##$aСССР
$f1935
$2prlib_sh
617##$aЭфиопия
$f1935
$2prlib_sh
801#0$aRU
$bПБ им. Б.Н. Ельцина
$c20200427
801#1$aRU
$bПБ им. Б.Н. Ельцина
$c20200427
$2rusmarc
801#2$aRU
$bПБ им. Б.Н. Ельцина
$c20200428
$2rusmarc
850##$aРоссийский государственный архив социально-политической истории
852##$aРГАСПИ
$jЛ. 65
035##$aLIBNET\0001070443
937##$d144187506
$hФедеральное архивное агентство
8564#$uhttp://readingroom.main.prlib.ru/item.aspx?id_node=n144187506&mode=full
6061#$2prlib_sh
$3LIBNET\UAF\0000096794
$aИтало-эфиопская война
$z1935 - 1936
$xПозиция СССР
$jДокументы и материалы
6061#$aРазведка(воен.) советская
$xИстория
$z1935 - 1938
$jДокументы и материалы
$2nlr_sh
$3RU\NLR\AUTH\6601656099
686##$2rubbk
$a63.3(2)614-6ю11
$vLBC/M
686##$2rubbk
$a63.3(6Эфи)
$vLBC/M
Формат отображения